[Event "European Blitz-ch 2018"]
[Site "Skopje"]
[Date "2018.12.06"]
[Round "5"]
[White "Saraci, Nderim"]
[Black "Mamedov, Rauf"]
[Result "1/2-1/2"]
[WhiteElo "2382"]
[BlackElo "2703"]
[Annotator "TA"]
[PlyCount "126"]
[EventDate "2018.12.06"]
[EventType "swiss"]
[EventCountry "MKD"]

{[%evp 20,126,17,0,0,-8,15,-60,7,7,14,9,17,25,26,26,16,12,18,12,45,18,49,0,0,0,0,0,0,0,0,0,0,0,0,0,0,0,0,0,0,0,0,0,0,0,0,0,0,0,0,0,0,0,0,0,0,0,0,0,0,-30,-27,-66,-34,-149,-145,-89,-83,-459,-410,-721,-697,-1330,-1105,-1033,-419,-385,-322,-307,-300,-1450,-1409,-1181,-1101,-5369,-5061,-29974,-8,-8,-8,-8,0,-8,0,-8,-8,-8,0,-8,-8,-8,-8,-8,-8,-8,-8,-8,5073]} 1. c4 c5 2. Nf3 g6 3. Nc3 Bg7 4. g3 Nc6 5. Bg2 e6 6. O-O Nge7 7. e3 O-O 8. d4 cxd4 9. Nxd4 d5 10. cxd5 exd5 11. Nde2 {LiveBook: 12 Games. A36: Symmetrical English vs ...g6: 4 Bg2 Bg7} Bf5 12. a3 $146 ({Predecessor:} 12. Nxd5 Nxd5 13. e4 Bxe4 14. Bxe4 Ndb4 15. Nc3 Re8 16. Bg2 Nd3 17. Be3 Na5 18. Qc2 Nc4 {1-0 (32) Gufeld,E (2510)-Ubilava,E (2430) Tbilisi (Georgia) 1980}) 12... Qb6 13. b4 (13. Nf4 $11) 13... Rad8 (13... Bg4 $15 14. Bb2 d4) 14. Bb2 $11 d4 15. Na4 Qc7 16. Nxd4 Nxd4 17. Bxd4 Bxd4 18. exd4 b6 $1 19. Rc1 Qd7 20. Nc3 Qxd4 21. Qxd4 (21. Qa4 {looks sharper.} a6 22. Rfd1 Qf6 23. Ne4 Qe6 24. Re1) 21... Rxd4 22. Rfe1 Rd7 23. h4 Rc8 24. Nb5 Rxc1 25. Rxc1 Bd3 26. Nc3 Rc7 27. Ne2 Rxc1+ 28. Nxc1 {[%mdl 4096] Endgame KBN-KBN} Bc4 29. Bf1 Bxf1 30. Kxf1 {KN-KN} Nd5 31. Ke1 Kf8 32. Kd2 Ke7 33. Kd3 Kd6 34. Kd4 Nc7 35. a4 a6 36. Nd3 b5 37. axb5 axb5 38. Nf4 Na6 39. Nd3 Nb8 40. Ne5 f6 {[%cal Bf7f6,Bf6f5][%mdl 32]} 41. Nd3 Nc6+ 42. Ke4 {[#]} ({White must play} 42. Kc3 $1 $15) 42... f5+ $1 $17 43. Kf4 Kd5 44. h5 $2 {[%mdl 8192]} (44. Nc1 $17 {is a better chance.}) 44... Kd4 $19 45. hxg6 (45. Nc5 $142 Nxb4 46. Nb3+ Kc3 47. hxg6 hxg6 48. Na5) 45... hxg6 46. Ne1 Nxb4 47. Nf3+ Kd5 (47... Kc3 $142 48. Ng5 Nd3+ {[%mdl 64] Double Attack} 49. Ke3 b4) 48. Ke3 Nc6 49. Nh4 {[#]} Ne7 $1 50. f3 $2 (50. Kd3) 50... Kc4 51. Kd2 b4 52. g4 f4 53. g5 Kd4 $2 (53... b3 {mates} 54. Kc1 Kc3 55. Ng2 b2+ 56. Kd1 Nf5 57. Ke2 b1=Q 58. Nxf4 Qb2+ 59. Ke1 Ng3 60. Nd5+ Kb3 61. Nc3 Kxc3 62. f4 Qe2#) 54. Ng2 $1 $11 {The position is equal.} Ke5 {Threatens to win with ...Kf5.} 55. Nh4 $1 Kd4 56. Ng2 $1 Ke5 {Strongly threatening ...Kf5.} 57. Nh4 $1 Kd5 58. Kd3 Ke5 59. Kc4 Nc6 60. Nxg6+ Kf5 61. Nxf4 Kxf4 62. g6 Kxf3 63. g7 Ke4 $2 {[%mdl 40960] Accuracy: White = 53%, Black = 65%. . An unexpected result.} (63... Ne7 $11) 1/2-1/2

[Event "European Blitz-ch 2018"]
[Site "Skopje"]
[Date "2018.12.06"]
[Round "5"]
[White "Zlatanovic, Boroljub"]
[Black "Van Foreest, Jorden"]
[Result "0-1"]
[WhiteElo "2376"]
[BlackElo "2614"]
[Annotator "TA"]
[PlyCount "122"]
[EventDate "2018.12.06"]
[EventType "swiss"]
[EventCountry "MKD"]

{[%evp 12,122,138,130,152,156,152,140,195,183,215,172,474,468,461,155,166,171,167,158,159,160,172,162,156,155,157,145,164,116,151,155,154,131,123,120,154,148,178,166,192,206,268,184,196,195,191,143,143,143,160,149,147,131,140,137,137,0,348,-74,-65,-50,-60,-62,-12,-133,-102,-223,-201,-225,-237,-196,-7,-8,0,0,0,0,0,0,0,0,0,0,0,0,0,0,0,0,0,-3,0,0,0,0,0,-8,-8,-1402,-1301,-1402,-833,-29980,-29981,-29990,-29991,-29991,-29992,-29992,-29993,-29995,-29994]} 1. Nc3 e5 2. Nf3 Nc6 3. d4 exd4 4. Nxd4 Nf6 5. Bg5 Be7 6. Nf5 {A00: Irregular Openings} O-O (6... Rg8 7. e3 d5 8. Nxe7 Nxe7 9. Qd4 Be6 10. O-O-O Qd7 11. Bxf6 gxf6 12. Qxf6 O-O-O 13. g3 Kb8 {1-0 (31) Andreikin,D (2720)-Kryvoruchko,Y (2710) Berlin 2015}) 7. Nxe7+ {LiveBook: 3 Games} Nxe7 8. Bxf6 {White is clearly better.} gxf6 9. Qd4 Nf5 $146 (9... f5 $16 {was worth a try.}) ({Predecessor:} 9... Nc6 10. Qh4 d5 11. O-O-O Be6 12. Nxd5 Bxd5 13. e4 Ne5 14. exd5 {1-0 (43) Rydstrom,T (2313)-Eriksson,P (1891) Vaxjo 2017}) 10. Qf4 $18 ({Don't do} 10. Qg4+ $6 Ng7 $16) 10... d6 11. e3 Be6 $2 (11... Ne7 12. Qxf6 Nf5) 12. Bd3 Ne7 13. Qxf6 $2 (13. Qh6 $18 {[%csl Gd3][%cal Rh6h7]} Ng6 14. h4) 13... Nf5 14. Qxd8 Rfxd8 15. Bxf5 Bxf5 16. O-O-O c6 17. e4 Be6 18. Rd3 Kf8 19. Rhd1 Ke7 20. Rg3 b5 21. Ne2 Rg8 22. Nd4 Bd7 23. Kd2 c5 24. Ne2 Bc6 25. Ke3 Rae8 26. Nf4 a5 27. Nd5+ Bxd5 28. Rxd5 (28. exd5 $6 Kf6+ 29. Kf3 Rg6 $14) 28... Rg6 29. Rxg6 hxg6 {[%mdl 4096] Endgame KR-KR} 30. h4 Rh8 31. g3 Ke6 32. Kf4 b4 33. Kg4 a4 34. h5 (34. Kf4 $16) 34... f5+ $2 {[%mdl 8192]} (34... Rxh5 $11 35. Rxh5 gxh5+ 36. Kf4 (36. Kxh5 $2 c4 $19) 36... d5) 35. Kf4 $2 ({White has to play} 35. exf5+ $18 Kxd5 36. fxg6) 35... Rxh5 $17 36. Rd1 fxe4 37. Kxe4 Re5+ 38. Kf3 (38. Kd3 $1 $11 {was the only way to keep the balance.}) 38... d5 39. c3 {[#]} (39. Rd3 $17) 39... Re4 $1 $19 40. Rd2 bxc3 41. bxc3 {[#]} Rc4 $2 ({Black should play} 41... g5 $1 $19 42. Kg2 Ke5) 42. Rd3 $11 g5 43. Ke2 Kd6 44. f3 Ke5 45. a3 d4 46. Kd2 Kd5 47. Kc2 Ke5 48. Kd2 Kd5 49. Kc2 Ke5 50. Kd2 Kd6 51. f4 gxf4 52. cxd4 cxd4 53. gxf4 Kd5 54. Rf3 Ke4 55. Rf1 $2 {[%mdl 8192]} (55. Rh3 $11) 55... Rc3 $19 56. f5 Rxa3 {( -> ...Ra2+)} 57. f6 Ra2+ {Black mates.} 58. Ke1 Ke3 {[%cal Ra2a1]} (58... Ra1+ $2 59. Kf2 $19) 59. Rf3+ Kxf3 60. f7 Ke3 {[%cal Ra2a1]} 61. Kd1 Rf2 {Accuracy: White = 40%, Black = 47%.} 0-1

[Event "European Blitz-ch 2018"]
[Site "Skopje"]
[Date "2018.12.06"]
[Round "5"]
[White "Danov, Lyubomir"]
[Black "Jovanovic, Zoran"]
[Result "0-1"]
[WhiteElo "2353"]
[BlackElo "2518"]
[Annotator "TA"]
[PlyCount "62"]
[EventDate "2018.12.06"]
[EventType "swiss"]
[EventCountry "MKD"]

{[%evp 21,62,15,48,13,60,-28,-12,-48,-43,-47,-27,-27,-18,-30,0,0,0,0,-6,-56,0,-77,-77,-145,-57,-258,-172,-248,-271,-270,-233,-464,-465,-665,-663,-660,-658,-650,-642,-639,-633,-627,-628]} 1. e4 d6 2. d4 Nf6 3. Nc3 e5 4. Nf3 Nbd7 5. Bc4 Be7 6. O-O O-O 7. a4 c6 8. Re1 exd4 {C41: Philidor Defence} (8... b6 9. h3 a6 10. Ba2 Rb8 11. Be3 b5 12. axb5 axb5 13. b4 Bb7 14. Bb3 exd4 15. Nxd4 d5 16. exd5 Bxb4 17. Bd2 cxd5 18. Ncxb5 Bxd2 19. Qxd2 {½-½ (30) Kryvoruchko,Y (2705)-Laznicka,V (2671) Brest 2018}) 9. Nxd4 Ne5 10. Ba2 Re8 11. Bf4 Bf8 {LiveBook: 4 Games} 12. Bg3 a5 13. Qd2 $146 ({Better is} 13. f4 $14) ({Predecessor:} 13. Kh1 Qb6 14. Bb3 Bd7 15. f3 Rad8 16. Bh4 {1-0 (49) Azarov,S (2594)-Mihajlovskij,S (2466) Minsk 2008}) 13... Nh5 $1 $11 14. Rad1 Nxg3 15. hxg3 Qf6 16. Qf4 Qg6 17. f3 Be7 18. g4 $1 h5 19. gxh5 Qxh5 20. Qh2 Qg6 (20... Qh4 $15) 21. f4 (21. Kf2 $11 {keeps the balance.}) 21... Ng4 $36 {[%mdl 2048] Black has strong initiative.} 22. Qg3 {[#]} (22. f5 $142 Qg5 23. Nf3 Nxh2 24. Nxg5 Bxg5 25. Kxh2) 22... Qh5 (22... Bd8 $1 $17 23. f5 Qh5) 23. Nf3 $2 (23. Qh3 $15 Nf6 24. Qxh5 Nxh5 25. f5) 23... Bd8 {[%cal Be7d8,Bd8b6,Bb6d4][%mdl 32]} 24. Qh3 (24. Ne2 $142) 24... Bb6+ $19 25. Nd4 Qc5 26. f5 $2 {[#]} (26. Qh4 {is a better defense.}) 26... Bxf5 $1 {[%mdl 576] Pin. Black is clearly winning.} 27. Bxf7+ (27. Kf1 $142 Bd7 28. Bb3) (27. exf5 Rxe1+) 27... Kxf7 28. Rf1 {Threatens to win with Qxg4.} Qxd4+ 29. Rxd4 Bxd4+ 30. Kh1 Rh8 31. Rxf5+ Kg6 {Accuracy: White = 16%, Black = 57%.} 0-1

[Event "European Blitz-ch 2018"]
[Site "Skopje"]
[Date "2018.12.06"]
[Round "5"]
[White "Gouloutis, Nikolaos"]
[Black "Ragger, Markus"]
[Result "0-1"]
[WhiteElo "2353"]
[BlackElo "2687"]
[Annotator "TA"]
[PlyCount "90"]
[EventDate "2018.12.06"]
[EventType "swiss"]
[EventCountry "MKD"]

{[%evp 18,90,0,0,2,-12,8,0,0,0,19,12,11,7,47,34,55,38,44,29,66,51,122,71,95,59,47,46,46,55,101,110,107,43,100,86,137,152,139,113,89,84,154,167,149,131,391,385,372,375,598,358,290,290,284,273,272,192,310,300,398,385,378,0,392,-106,178,177,147,147,276,23,89,-422,-422]} 1. d4 Nf6 2. Nf3 g6 3. Bg5 Bg7 4. Nbd2 O-O 5. e3 d5 6. Be2 Nbd7 7. c3 Re8 8. O-O e5 9. h3 {D03: 1 d4 d5 2 Nf3 Nf6 3 Bg5, including Torre Attack with early ...d5} c6 10. Bh4 {LiveBook: 5 Games} (10. b4 Qe7 11. Rc1 e4 12. Ne1 Nb6 13. a3 Be6 14. c4 h6 15. Bh4 g5 16. Bg3 Nxc4 17. Nxc4 dxc4 18. Bxc4 Bxc4 19. Rxc4 {0-1 (28) Shimanov,A (2626)-Jones,G (2677) chess.com INT 2018}) 10... a5 11. a4 {The position is equal.} Qb6 12. Rb1 e4 $146 ({Predecessor:} 12... exd4 13. cxd4 Nb8 14. Qb3 Qxb3 15. Nxb3 Ne4 16. Ng5 Bf6 17. Nxe4 Bxh4 {½-½ (47) Bogdanovski,V (2430)-Erdogdu,M (2310) Thessaloniki 2001}) 13. Nh2 Nf8 14. b4 axb4 15. cxb4 h6 16. a5 Qd8 17. Nb3 g5 18. Bg3 Ng6 19. b5 Bf8 (19... cxb5 $1 $14 20. Bxb5 Re7) 20. a6 (20. b6 $142) 20... cxb5 $16 21. axb7 Bxb7 22. Bxb5 Re6 23. Nc5 Bxc5 24. dxc5 Ba6 25. Qd4 ({Better is} 25. Ng4 $16 Nxg4 26. hxg4) 25... Bxb5 (25... Ne7 $14) 26. Rxb5 Qd7 (26... Ne7 $142) 27. Rfb1 h5 28. Rb7 Qa4 29. Rb8+ Kg7 (29... Kh7 $142) 30. Rxa8 Qxa8 31. Rb6 Rxb6 $4 {[%mdl 8192]} (31... Qa2 $16) 32. cxb6 $18 Qc6 33. Qb2 {aiming for b7.} Qb7 (33... Kh7 {was called for.} 34. b7 Nd7) 34. Bc7 Nf8 35. Qa1 N8d7 36. Qa7 Qc6 37. Nf1 Kg6 (37... Ne8 $142 38. Bd8 Nd6) 38. Bd8 Ne8 {If Black can now play ...Nd6 this consolidates a bit.} 39. b7 Qb5 40. Kh2 $2 (40. Qa8 $18) 40... Nd6 $2 {[%mdl 8192] [#]} (40... Qxf1 $11 {and Black is okay.} 41. Qa4 Ne5) 41. Be7 $2 ({White should try} 41. b8=Q $1 $18 {[%mdl 512]} Qxb8 42. Qxd7 Ne8+ 43. Kg1) 41... Nxb7 $2 {[%mdl 8192] [#]} (41... Qxb7 $17 {and life is bright.} 42. Qxb7 Nxb7) 42. Qa8 $1 {[%cal Ra8g8]} Nf6 43. Qh8 Qc6 (43... Qb2 $16 {keeps fighting.} 44. Kg1 Qe5) 44. Ng3 $2 ({White should play} 44. Bf8 $18 {White threatens Ng3 and mate.} Kf5 45. Ng3+ Ke6 46. Ne2) 44... h4 $11 {[%cal Bh5h4,Bh4g3][%mdl 32]} 45. Bxf6 $4 {[%mdl 8192]} (45. Ne2 $16 Qe6 46. Bf8 Qe5+ 47. Kh1 Qa1+ 48. Ng1) 45... hxg3+ {Accuracy: White = 40%, Black = 24%.} ({Less strong is} 45... Qxf6 46. Qg8+ Qg7 47. Qxg7+ Kxg7 48. Ne2 $17) 0-1

[Event "European Blitz-ch 2018"]
[Site "Skopje"]
[Date "2018.12.06"]
[Round "5"]
[White "Ozen, Bahadir"]
[Black "Navara, David"]
[Result "1-0"]
[WhiteElo "2349"]
[BlackElo "2736"]
[Annotator "TA"]
[PlyCount "101"]
[EventDate "2018.12.06"]
[EventType "swiss"]
[EventCountry "MKD"]

{[%evp 22,101,28,15,34,0,24,15,48,0,0,0,23,13,28,0,71,-40,-42,-148,-159,-169,-124,-147,22,24,87,90,94,97,117,108,92,0,0,0,0,0,13,-96,-85,-87,-50,-41,0,0,0,0,0,-96,235,0,0,0,0,0,0,0,255,0,254,275,270,261,259,270,256,241,485,487,527,520,966,970,987,982,1110,1071,1233,1219,1197,1171]} 1. d4 Nf6 2. c4 e6 3. Nc3 Bb4 4. e3 O-O 5. Bd3 d5 6. Nf3 b6 7. O-O Bb7 8. Qe2 Nbd7 9. Rd1 c5 10. a3 Bxc3 11. bxc3 dxc4 12. Bxc4 {LiveBook: 3 Games} Qc7 {E55: Nimzo-Indian: Rubinstein: Main Line: 7...dxc4 8 Bxc4 Nbd7} (12... Qe7 13. a4 Ne4 14. Bb2 a5 15. Bd3 f5 16. c4 Rf6 17. d5 Rg6 18. Bc2 Re8 19. Ra3 exd5 20. cxd5 {1-0 (45) Iordachescu,V (2645)-Perunovic,M (2461) Korinthia 2012}) 13. Bb2 Rfd8 14. Rac1 Rac8 {The position is equal.} 15. h3 $146 ({Predecessor:} 15. Bd3 Be4 16. Bxe4 Nxe4 17. c4 cxd4 18. exd4 Ndf6 19. d5 {½-½ (19) Haugli,P (2293)-Andersen,L (2297) Norway 2013}) 15... Ne4 16. a4 Nd6 17. Bb3 Nf6 {[%cal Bd7f6,Bf6d5,Bd5b4][%mdl 32]} 18. c4 Ba6 (18... Qe7 $11) 19. d5 (19. Ne5 $16) 19... Nxd5 $1 $15 20. Qc2 ({Better is} 20. Ng5 $15 Nb4 21. Qg4 (21. Qh5 h6 $17)) 20... Nb4 $1 $17 {[%cal Rb4c2]} (20... Nf6 21. Ng5 $15) 21. Qb1 f6 22. Ba3 {Threatening Bxb4.} Bb7 $2 (22... Nc6 $1 $17 23. Bb2 Na5) 23. Bxb4 $1 $11 {Hoping for Bc3.} cxb4 (23... Be4 $11 {keeps the balance.} 24. Qb2 Bxf3 25. gxf3 Qb7) 24. c5 $1 $16 {[%cal Rc5d6]} bxc5 25. Bxe6+ {[%mdl 64] Double Attack} Kh8 {And now ...Rb8 would win.} 26. Bxc8 Rxc8 27. Qd3 (27. Nd4 $1 $16) 27... Ne4 $1 $11 28. Qd7 $40 {[%mdl 128] White attacks.} h6 29. Qe6 {Strongly threatening Rd7.} Qc6 30. Qf5 (30. Qg4 $11) 30... Nc3 $17 {[%mdl 1088] Threatens to win with ...Ne2+. Double Attack. Black has strong compensation.} ({Don't blunder} 30... Qxa4 $2 31. Rd7 $18) 31. Rd2 Qe4 32. Qd7 Ba6 {[%cal Bb7a6,Ba6d3,Bd3e4][%mdl 32]} 33. Kh2 Qc6 34. Qf5 Ne4 ({Much worse is} 34... Qxa4 35. Nh4 $16) 35. Rd7 (35. Rdd1 $11 {remains equal.}) 35... Nxf2 $2 {[%mdl 8192] [#]} (35... g6 $1 $17 {[%cal Rg6f5] stays on course.} 36. Qd5 Qxd5 37. Rxd5 b3) 36. Rxa7 $2 ({White should try} 36. Rxc5 $1 $18 {[%mdl 512]} Qxc5 37. Rd8+ $1 {[%mdl 576] Deflection} Rxd8 38. Qxc5) 36... Bd3 $11 37. Qd7 Qxd7 38. Rxd7 b3 {...b2 is the strong threat.} 39. Rb7 c4 $2 {[%mdl 8192] [#]} (39... Bc2 $1 $11) 40. Nd4 $2 (40. Rxb3 $1 $18 {[%mdl 512] aiming for Nd2.} Bf5 (40... cxb3 41. Rxc8+) 41. Rbc3) 40... Be4 $2 {[%mdl 8192] [#]} (40... Ra8 $11 {and Black stays safe.}) 41. Rxb3 $1 $18 {[%mdl 576] Pin} Nd3 (41... cxb3 42. Rxc8+) 42. Rcc3 Ra8 {[#]} 43. Ra3 $1 ({Don't do} 43. Rxc4 $6 Bd5 $16) 43... Ne5 44. a5 {[%cal Ba4a5,Ba5a6][%mdl 32]} Bd3 $2 (44... Ra6 45. Kg3 Bd3) 45. a6 {White is clearly winning.} Nd7 46. a7 Nc5 (46... Nb6 $142 47. Ra5 Be4) 47. Nb5 Ne4 48. Rc1 Nc5 49. Nc7 Rxa7 50. Rxa7 Nb3 51. Rc3 {Accuracy: White = 48%, Black = 26%.} 1-0

[Event "European Blitz-ch 2018"]
[Site "Skopje"]
[Date "2018.12.06"]
[Round "5"]
[White "Todorovic, Goran N"]
[Black "Delchev, Aleksander"]
[Result "0-1"]
[WhiteElo "2318"]
[BlackElo "2552"]
[Annotator "TA"]
[PlyCount "72"]
[EventDate "2018.12.06"]
[EventType "swiss"]
[EventCountry "MKD"]

{[%evp 19,72,-14,-10,-25,-9,-21,0,-14,2,-8,0,-68,-41,-89,-84,-92,-71,-97,-63,-92,-59,-62,-41,-41,-39,-62,-45,-99,-83,-85,-92,-114,-100,-101,-107,-107,-100,-131,-115,-158,-144,-151,-141,-149,-137,-137,-122,-143,-144,-178,-180,-191,-130,-149,-43]} 1. Nf3 Nf6 2. c4 e6 3. g3 d5 4. Bg2 dxc4 5. Na3 Bxa3 6. bxa3 O-O 7. Qc2 {A13: English Opening: 1...e6} (7. Bb2 Nc6 8. Rc1 Re8 9. Rxc4 e5 10. Qa1 Be6 11. Rh4 Bd5 12. d3 Nd7 13. O-O f6 14. Rc1 Qe7 15. Bh3 Be6 16. Bg2 Bd5 17. Bh3 Be6 18. Bg2 {½-½ (18) Iturrizaga Bonelli,E (2652)-Viterbo Ferreira,J (2522) Maia 2018}) 7... Nbd7 8. Qxc4 c5 9. Bb2 b6 10. O-O Bb7 {LiveBook: 6 Games} 11. Qc2 Qe7 12. d3 Rac8 13. a4 $146 {[%cal Ba3a4,Ba4a5][%mdl 32]} ({Predecessor:} 13. Rac1) 13... Ba8 14. a5 b5 {[%cal Bb6b5,Bb5b4][%mdl 32]} 15. a4 (15. Rac1 $11) 15... b4 $15 16. Nd2 Bxg2 17. Kxg2 e5 18. Qc4 Rfe8 19. Rfd1 Nb8 20. Nb3 Nfd7 21. Rac1 h6 22. Qb5 Qd6 {[#] ...Qd5+ is the strong threat.} 23. Nd2 (23. Kg1 $15) 23... a6 24. Qc4 Qc6+ 25. Kg1 Qxa4 26. Ne4 {[#] And now Nd6 would win.} Re6 27. Ra1 Qc6 28. Qb3 Qb5 29. Rdc1 Nc6 30. Qd5 Ne7 31. Qb3 Rec6 32. Nd2 Qb7 33. Nc4 Re6 34. Ne3 Nc6 35. Qd5 Nd8 (35... Qc7 $19 36. Nf5 Nd4 37. Bxd4 exd4) 36. Qb3 e4 {Accuracy: White = 30%, Black = 39%.} (36... Rb8 $17 37. Nd5 Nc6) 0-1

[Event "European Blitz-ch 2018"]
[Site "Skopje"]
[Date "2018.12.06"]
[Round "5"]
[White "Musovic, Armin"]
[Black "Banikas, Hristos"]
[Result "0-1"]
[WhiteElo "2301"]
[BlackElo "2601"]
[Annotator "TA"]
[PlyCount "60"]
[EventDate "2018.12.06"]
[EventType "swiss"]
[EventCountry "MKD"]

{[%evp 9,60,-28,-14,-36,-20,-25,-26,-35,-29,-44,-54,-122,-117,-125,-127,-404,-412,-394,-381,-498,-387,-459,-374,-437,-420,-451,-427,-477,-456,-671,-670,-683,-596,-820,-741,-1185,-1159,-1581,-1566,-1466,-1239,-1665,-1655,-1578,-1621,-1916,-1510,-5406,-5406,-29977,-5397,-29993,-29994]} 1. a3 e5 2. Nc3 Nf6 3. d4 (3. e4 Nc6 4. Nf3 d5 5. exd5 Nxd5 6. Bb5 Nxc3 7. bxc3 Bd6 8. d4 exd4 9. cxd4 O-O 10. O-O Qf6 11. Bg5 Qg6 12. Bd3 Bf5 13. Nh4 Qxg5 14. Nxf5 g6 15. Nxd6 cxd6 16. Rb1 Nxd4 17. Rxb7 Qc5 18. Rb4 Rfe8 19. Qd2 {½-½ (19) Pauwels,C (2547)-Efremov,A (2609) ICCF email 2010}) 3... exd4 4. Qxd4 Nc6 5. Qa4 Be7 6. Bg5 $146 {A00: Irregular Openings} ({Predecessor:} 6. Nf3 O-O 7. e4 d5 8. exd5 Nxd5 9. Nxd5 Qxd5 10. Be3 {½-½ (32) Hamann,H (2259)-Ziegler,P (2194) ICCF email 2012}) 6... h6 7. Bh4 O-O 8. O-O-O {Black has an edge.} d6 9. e4 a6 10. f4 {[#]} (10. Nf3 $15) 10... Bg4 $1 $36 {[%mdl 2048] ...b5 is the strong threat. Black is on the roll.} 11. Be2 b5 12. Nxb5 $2 {[%mdl 8192]} (12. Qb3 $17 Be6 13. Nd5) 12... axb5 $19 13. Qxb5 {intending Bxf6.} Bd7 14. Qd3 Ra4 15. Bf3 Rd4 16. Qe2 Rxd1+ 17. Kxd1 Nd4 18. Qd3 c5 19. Bf2 (19. Kc1 $142 Ba4 20. c3 Nb3+ 21. Kd1) 19... Qb6 20. b4 Bb5 21. Qd2 Qa6 22. Qc3 Rc8 23. e5 dxe5 24. fxe5 Nd7 25. bxc5 Nxf3 26. Nxf3 Nxc5 27. Nd4 Ne6 28. Qd2 Nxd4 29. Bxd4 Ba4 (29... Bg5 $142 30. Be3 Qxa3 31. Bxg5 hxg5 32. Ke1 Qa1+ {[%mdl 64] Double Attack} 33. Kf2 Qxh1 34. Ke3 Qg1+ 35. Qf2 Qc1+ 36. Ke4 Rc4+ 37. Kd3 Qd1+ 38. Qd2 Rxc2+ 39. Ke4 Rxd2 40. Kf5 Rxg2 41. h3 Qf3#) 30. Qf4 Rxc2 {Accuracy: White = 10%, Black = 88%.} 0-1

[Event "European Blitz-ch 2018"]
[Site "Skopje"]
[Date "2018.12.06"]
[Round "5"]
[White "Nazaretyan, Tigran"]
[Black "Popov, Valerij"]
[Result "0-1"]
[WhiteElo "2250"]
[BlackElo "2532"]
[Annotator "TA"]
[PlyCount "102"]
[EventDate "2018.12.06"]
[EventType "swiss"]
[EventCountry "MKD"]

{[%evp 21,102,22,33,-28,-28,-31,-43,-62,-64,-60,-68,-102,-105,-76,-92,-152,-131,-158,-141,-141,-143,-287,-307,-299,-306,-453,-429,-398,-209,-417,-392,-407,-402,-404,-392,-392,-395,-384,-275,-515,-353,-341,-341,-516,-499,-456,-435,-497,-451,-456,-455,-755,-739,-823,-440,-737,-734,-708,-689,-6620,-1607,-1879,-2474,-29971,-29970,-29976,-29977,-29977,-29978,-29978,-29979,-29979,-29980,-29980,-29981,-29981,-29982,-29983,-29984,-29984,-29985,-29985,-29985]} 1. d4 d5 2. c4 e6 3. Nf3 Nd7 4. e3 Ngf6 5. Nc3 c6 6. Qc2 b6 7. Bd3 Bb7 8. O-O Be7 9. b3 O-O 10. Bb2 h6 {D46: Semi-Slav: 5 e3 Nbd7 6 Bd3, Black avoids the Meran} 11. Rfd1 (11. Rad1 Qc7 12. Qe2 Rad8 13. Rfe1 Rfe8 14. Bb1 Bf8 15. Ne5 dxc4 16. Nxd7 Rxd7 17. bxc4 c5 18. d5 exd5 19. Nxd5 Nxd5 20. cxd5 {0-1 (29) Gelfand,B (2703)-Ivanchuk,V (2710) Jerusalem 2018}) 11... Qc7 {LiveBook: 27 Games} 12. Ne5 $146 ({Better is} 12. Rac1 $14) ({Predecessor:} 12. Rac1 Rac8 13. Qe2 Rfe8 14. cxd5 exd5 15. Rc2 Ba8 16. Rdc1 {½-½ (16) Vaibhav,S (2556)-Bilguun,S (2490) Biel 2018}) 12... Nxe5 $11 {Black has an edge.} 13. dxe5 dxc4 14. bxc4 Ng4 $1 15. Ne4 Nxe5 16. Qc3 f6 17. c5 Nxd3 18. Rxd3 (18. Qxd3 $142 Rad8 19. Qb3) 18... Rad8 19. Rad1 Rd5 20. Ba3 Rfd8 21. Nd6 (21. h3 $17) 21... bxc5 $19 22. Nxb7 Qxb7 23. R3d2 (23. Rxd5 {keeps fighting.} cxd5 24. Qa5) 23... Rxd2 24. Rxd2 Qb1+ (24... Rxd2 $142 25. Qxd2 Qb1+ 26. Qc1 Qxa2) 25. Bc1 $2 {[#]} (25. Qc1 Qxc1+ 26. Bxc1) 25... Qxa2 $1 {[%mdl 512]} 26. Rxd8+ (26. Rxa2 Rd1+) 26... Bxd8 27. Qxc5 Qd5 {[%cal Rd5d1]} 28. Qc2 Be7 29. e4 Qc5 30. Qb1 $2 (30. Qxc5 Bxc5 31. Bd2) 30... Qb4 31. Qxb4 Bxb4 {[%mdl 4096] Endgame KB-KB} 32. Kf1 (32. f4 {was the only defense.}) 32... c5 {[%cal Bc6c5,Bc5c4][%mdl 32]} 33. Ke2 c4 34. Bb2 Kf7 35. e5 a5 36. exf6 (36. Kd1 $142) 36... gxf6 37. Ke3 Bc5+ 38. Kd2 (38. Bd4 $142 Bb4 39. Ke2) 38... Bxf2 39. Kc3 e5 {[#] aiming for ...Bd4+.} 40. g4 Kg6 41. Kxc4 Kg5 42. h3 Kh4 {Black mates.} 43. Kd5 Kxh3 44. Ke6 Bh4 45. Kf5 a4 46. Bc1 Bg5 47. Ba3 Kg3 48. Bd6 Kf3 49. Be7 e4 {[%cal Be5e4,Be4e3][%mdl 32]} 50. Bb4 e3 51. Bc3 a3 {Accuracy: White = 22%, Black = 71%.} 0-1

[Event "European Blitz-ch 2018"]
[Site "Skopje"]
[Date "2018.12.06"]
[Round "5"]
[White "Arutyunova, Diana"]
[Black "Saric, Ivan"]
[Result "0-1"]
[WhiteElo "2227"]
[BlackElo "2695"]
[Annotator "TA"]
[PlyCount "52"]
[EventDate "2018.12.06"]
[EventType "swiss"]
[EventCountry "MKD"]

{[%evp 14,52,27,16,26,14,44,0,18,6,69,72,64,-37,-3,-6,-15,-260,-253,-240,-246,-289,-297,-327,-347,-357,-345,-366,-330,-657,-650,-618,-633,-747,-715,-1091,-1089,-2583,-2552,-2254,-1680]} 1. e4 g6 2. d4 Bg7 3. Nc3 d6 4. Be3 c6 5. f3 b5 6. Qd2 Nd7 7. O-O-O Qa5 {B06: Modern Defence} 8. Kb1 {LiveBook: 7 Games} Nb6 9. Bd3 (9. Nce2 Qxd2 10. Bxd2 f5 11. exf5 Bxf5 12. Bc1 Nf6 13. Ng3 Bd7 14. N1e2 O-O 15. h4 {1-0 (47) Aabling Thomsen,J (2339)-Kuzubov,Y (2628) Reykjavik 2010}) 9... Rb8 {The position is equal.} 10. h4 $146 ({Predecessor:} 10. Nce2 Qa6 11. h4 Be6 12. Nc1 Qa4 13. Be2 Nc4 14. Bxc4 bxc4 15. c3 {0-1 (37) Pasoglou,E (1626)-Roinos,I (1993) Thessaloniki 2014}) 10... Be6 {[#] And now ...b4 would win.} (10... b4 $5 11. Nce2 $8 Nf6 $14) 11. b3 Nc4 (11... h5 $11) 12. Bxc4 $1 $14 bxc4 13. Nce2 (13. h5 $14) 13... Qa3 {[%cal Rc4b3]} 14. Qc1 Qa6 15. d5 $2 {[#]} (15. Nc3 $11) 15... cxd5 $19 {Threatens to win with ...cxb3.} 16. Bd4 Nf6 $40 {[%mdl 128] Black wants a kill.} 17. exd5 cxb3 18. cxb3 Bxd5 19. Qb2 O-O 20. h5 Rfc8 ({Not} 20... gxh5 21. Nf4 $19) 21. g4 $2 (21. h6 Bh8 22. Nc3) 21... e5 {Black is clearly winning.} 22. Bc3 Be6 23. hxg6 hxg6 24. g5 Nd5 25. Be1 Bf5+ 26. Ka1 Rc2 {Accuracy: White = 28%, Black = 69%.} 0-1